MARC

LEADER 00000nam0a2200000 4500
001 368885
005 20250219133358.0
035 |a (RuTPU)RU\TPU\retro\26267 
090 |a 368885 
100 |a 20220422d1979 k y0rusy50 ca 
101 0 |a rus 
102 |a RU 
105 |a a z 001zy 
200 1 |a Закономерности размещения и условия формирования залежей нефти и газа Волго-Уральской области  |h Т. 3  |i Татарская АССР  |f Н. Г. Абдуллин, Л. З. Аминов, И. М. Акишев [и др.]  |g Академия наук СССР, Институт геологии и разработки горючих ископаемых [и др.] 
210 |a Москва  |c Недра  |d 1979 
215 |a 168 с.  |c ил. 
320 |a Библиогр.: с. 161-166 
516 1 |a Закономерности размещения нефти и газа 
606 1 |a Нефтегазовые месторождения  |x Геология  |2 stltpush  |3 (RuTPU)RU\TPU\subj\68603  |9 83810 
610 1 |a размещение 
610 1 |a формирование 
610 1 |a нефтяные залежи 
610 1 |a газовые залежи 
610 1 |a Татарская АССР 
610 1 |a тектоника 
610 1 |a пласты-коллекторы 
610 1 |a гидрогеологические условия 
610 1 |a геохимическая характеристика 
610 1 |a химический состав 
610 1 |a физические свойства 
675 |a 553.98  |v 4 
701 1 |a Абдуллин  |b Н. Г. 
701 1 |a Аминов  |b Л. З. 
701 1 |a Акишев  |b И. М. 
701 1 |a Анисимов  |b Б. В. 
701 1 |a Бадамшин  |b Э. З. 
701 1 |a Доронкин  |b К. Н. 
712 0 2 |a Академия наук СССР  |b Институт геологии и разработки горючих ископаемых  |c (Москва)  |c (1958-????)  |2 stltpush  |3 (RuTPU)RU\TPU\col\13483  |9 25687 
712 0 2 |a Татнефть  |c (Альметьевск)  |2 stltpush  |3 (RuTPU)RU\TPU\col\17409  |9 26607 
712 0 2 |a Татарский государственный научно-исследовательский и проектный институт нефтяной промышленности  |c Бугульма, Татарская АССР  |c 1970-1994  |7 ca  |8 rus  |2 stltpush  |3 (RuTPU)RU\TPU\col\13469  |9 25685 
801 1 |a RU  |b 63413507  |c 20200828 
801 2 |a RU  |b 63413507  |c 20220422  |g RCR 
942 |c BK